El mar en calma y viaje feliz /

A veces el mar permanece en calma y su monótona inmensidad angustia al marinero. Pero, pronto, una ligera brisa ahuyenta el temor y el navegante recupera la felicidad al ver cómo el viento hincha la vela del barco. Goethe nos habla de estas dos caras del mar en sus famosos poemas breves "El mar...

Descripción completa

Guardado en:
Autor Principal: Goethe, Johann Wolfgang.
Otros Autores: Schössow, Peter; il.
Formato: Libro
Idioma:Undetermined
Publicado: Buenos Aires : Continente, 2013.
Edición:1a ed.
Materias:
Etiquetas: Agregar Etiqueta
Sin Etiquetas, Sea el primero en etiquetar este registro!
LEADER 01188nam a22002295a 4500
001 CEM.cems020774
008 240215s2013####ag############000#0#und#d
005 20240215132135.0
245 1 0 |a El mar en calma y viaje feliz /  |c Johann Wolfgang von Goethe ; ilustrado por Peter Schössow. 
250 |a 1a ed. 
260 |a Buenos Aires :  |b Continente,  |c 2013. 
300 |a 40 p. 
520 |a A veces el mar permanece en calma y su monótona inmensidad angustia al marinero. Pero, pronto, una ligera brisa ahuyenta el temor y el navegante recupera la felicidad al ver cómo el viento hincha la vela del barco. Goethe nos habla de estas dos caras del mar en sus famosos poemas breves "El mar en calma" y "Viaje feliz". Las ilustraciones de este libro traducen en imágenes los versos para que los niños, al leerlos, puedan entender lo que sentía Goethe cuando los escribió. 
020 |a 9789507543869 
100 1 |a Goethe, Johann Wolfgang. 
700 1 |a Schössow, Peter; il. 
653 |a Poesía 
653 |a Libro álbum 
653 |a Literatura alemana 
653 |a Literatura infantil 
653 |a Poesía infantil 
859 |a CEMS  |b BIB. CEMS - Inicial y Primaria  |h 832.6  |i G554  |k IP  |p 4117  |t Ej. 1